[Event "Challenge"]
[Site "http://www.queenalice.com/game.php?id=331873"]
[Date "2008.1.6"]
[Round "-"]
[White "joaohumberto"]
[Black "rmiglior"]
[Result "0-1"]
[WhiteElo "1578"]
[BlackElo "1500"]

1. d4 Nf6 2. f3 d5 3. Nd2 e6 4. e4 dxe4 5. fxe4 Qxd4 6. c3 Qe3+ 7. Qe2 Qxe2+ 8.
Bxe2 Nbd7 9. Nh3 b6 10. Nc4 Bb7 11. Bg5 Nxe4 12. O-O Bc5+ 13. Kh1 f6 14. Bf4 e5
15. Bg3 Nxg3+ 16. hxg3 O-O-O 17. b4 Be7 18. Ne3 g6 19. a4 f5 20. a5 Nf6 21. Ng5
Nh5 22. Bxh5 Bxg5 23. Be2 Bxe3 24. Rfe1 Bd2 25. Red1 Bxc3 26. a6 Be4 27. b5 Bxa1
28. Rxa1 Bd3 29. Bf3 e4 30. Rc1 exf3 31. gxf3 Bxb5 32. Ra1 Rd2 33. f4 Re8 34.
Kg1 Ree2 35. Kh1 Rh2+ 36. Kg1 Rdg2# 0-1

[Event "AUTO-OPEN-1004"]
[Site "http://www.queenalice.com/game.php?id=349714"]
[Date "2008.2.7"]
[Round "1"]
[White "saturnin"]
[Black "rmiglior"]
[Result "0-1"]
[WhiteElo "1458"]
[BlackElo "1970"]

1. Nf3 Nf6 2. Nc3 d5 3. e3 g6 4. Bb5+ c6 5. Ba4 Bg7 6. O-O O-O 7. d3 Nbd7 8. d4
b5 9. Bb3 a5 10. a4 b4 11. Ne2 c5 12. c3 c4 13. Bc2 b3 14. Bb1 Nb6 15. h3 Ne4
16. Nd2 f5 17. f3 Nxd2 18. Qxd2 Qd6 19. e4 fxe4 20. fxe4 Rxf1+ 21. Kxf1 e5 22.
dxe5 Bxe5 23. Qg5 Bb7 24. Bf4 Bxf4 25. Nxf4 dxe4 26. h4 Rf8 27. g3 Qd1+ 28. Kg2
e3+ 29. Kh3 Qh1+ 30. Kg4 Bf3# 0-1

[Event "AUTO-OPEN-1004"]
[Site "http://www.queenalice.com/game.php?id=349715"]
[Date "2008.2.7"]
[Round "1"]
[White "rmiglior"]
[Black "saturnin"]
[Result "1-0"]
[WhiteElo "1832"]
[BlackElo "1458"]

1. e4 e5 2. Bc4 Nf6 3. d3 d5 4. exd5 Nxd5 5. Nf3 Bb4+ 6. c3 Bc5 7. Nxe5 O-O 8.
O-O b5 9. Bxb5 Qf6 10. d4 Bd6 11. Re1 c6 12. Bd3 g6 13. Nd2 c5 14. Ne4 Bxe5 15.
Nxf6+ Nxf6 16. dxe5 Nfd7 17. Bh6 Rd8 18. Bc4 Re8 19. e6 fxe6 20. Rxe6 Rxe6 21.
Bxe6+ Kh8 22. Qf3 Nb6 23. Qf8# 1-0

[Event "AUTO-OPEN-1004"]
[Site "http://www.queenalice.com/game.php?id=349728"]
[Date "2008.2.7"]
[Round "1"]
[White "Pittacus"]
[Black "rmiglior"]
[Result "0-1"]
[WhiteElo "1079"]
[BlackElo "1970"]

1. e4 c5 2. Nf3 d6 3. d4 cxd4 4. Nxd4 Nf6 5. Nc3 Nc6 6. Nxc6 bxc6 7. Be2 g6 8.
O-O Bg7 9. b3 Nxe4 10. Bb2 Nxc3 11. Bxc3 Bxc3 12. Rb1 Qa5 13. Qd3 d5 14. Rfd1
Be5 15. a4 Bf5 16. Qe3 Qc7 17. h3 Bxc2 0-1

[Event "Challenge"]
[Site "http://www.queenalice.com/game.php?id=354545"]
[Date "2008.2.15"]
[Round "-"]
[White "rmiglior"]
[Black "technicaldraw"]
[Result "1-0"]
[WhiteElo "1836"]
[BlackElo "1956"]

1. e4 e6 2. d4 d5 3. exd5 exd5 4. Nf3 Nf6 5. Bd3 Bd6 6. O-O O-O 7. Bg5 Bg4 8.
Nbd2 Nbd7 9. c3 c6 10. Qc2 h6 11. Bh4 Qc7 12. Rae1 Rae8 13. a3 Bf4 14. Bf5 g5
15. Bg3 Bxg3 16. fxg3 Bxf5 17. Qxf5 Qb6 18. Ne5 Qxb2 19. Nxd7 1-0

[Event "Challenge"]
[Site "http://www.queenalice.com/game.php?id=354562"]
[Date "2008.2.15"]
[Round "-"]
[White "technicaldraw"]
[Black "rmiglior"]
[Result "0-1"]
[WhiteElo "1989"]
[BlackElo "1911"]

1. e4 c6 2. d4 d5 3. Nc3 dxe4 4. Nxe4 Nd7 5. Bc4 Ngf6 6. Ng5 e6 7. Qe2 Nb6 8.
Bb3 h6 9. N5f3 c5 10. Bf4 Nbd5 11. Be5 Qa5+ 12. Nd2 b5 13. dxc5 Bxc5 14. Nf3 O-O
15. O-O Ba6 16. Bxf6 Nxf6 17. Rfe1 Rad8 18. c3 Qb6 19. c4 b4 20. Rad1 Rd5 21.
Ne4 Nxe4 22. Qxe4 Rxd1 23. Rxd1 Bxf2+ 24. Kh1 Rd8 25. Rxd8+ Qxd8 26. Bc2 Qc7 27.
b3 Bb7 28. Qh7+ Kf8 29. Qh8+ Ke7 30. Qxg7 Qf4 0-1

[Event "Challenge"]
[Site "http://www.queenalice.com/game.php?id=369562"]
[Date "2008.3.12"]
[Round "-"]
[White "Teltz"]
[Black "rmiglior"]
[Result "0-1"]
[WhiteElo "1957"]
[BlackElo "2010"]

1. e4 c6 2. d4 d5 3. Nc3 dxe4 4. Nxe4 Bf5 5. Ng3 Bg6 6. h4 h6 7. Nf3 Nd7 8. h5
Bh7 9. Bd3 Bxd3 10. Qxd3 e6 11. Bf4 Ngf6 12. O-O-O Be7 13. Kb1 O-O 14. Ne4 Nxe4
15. Qxe4 Nf6 16. Qe2 Qa5 17. Ne5 Rad8 18. c3 c5 19. dxc5 Qxc5 20. g4 Rxd1+ 21.
Rxd1 Nd5 22. Bg3 Rd8 23. Qf3 Bf6 24. Ka1 b5 25. Qe4 a5 26. Rd2 Qb6 27. Rd4 Rc8
28. Rd2 b4 29. c4 Qa6 30. Rc2 b3 31. Rc1 bxa2 32. Kxa2 a4 33. Ka1 a3 34. b3 Qb6
35. Qd3 Nf4 36. Bxf4 Qxf2 37. Qd2 Bxe5+ 38. Ka2 Qxf4 39. Qxf4 Bxf4 40. Rd1 Ra8
41. b4 Kf8 42. Rb1 Be5 43. Rb3 Bb2 44. c5 Rc8 45. Rd3 Ke7 46. Rb3 e5 47. Rd3 Rd8
48. Rg3 Rd2 49. b5 e4 50. Rh3 Bc1+ 51. Kb1 a2+ 52. Kxc1 Rd3 53. Rxd3 a1=Q+ 0-1

[Event "Challenge"]
[Site "http://www.queenalice.com/game.php?id=371151"]
[Date "2008.3.14"]
[Round "-"]
[White "rmiglior"]
[Black "KLEOJ"]
[Result "1-0"]
[WhiteElo "1970"]
[BlackElo "2012"]

1. d4 d5 2. c4 Nc6 3. Nc3 e5 4. cxd5 Nxd4 5. e3 Nf5 6. Bb5+ Bd7 7. Bxd7+ Qxd7 8.
Nf3 Bd6 9. e4 Nfe7 10. h3 Ng6 11. Qb3 Rb8 12. Be3 b6 13. O-O Nf6 14. Bg5 Be7 15.
Rac1 a6 16. Bxf6 Bxf6 17. Nd1 O-O 18. Qc4 Rfc8 19. Ne3 Nf4 20. Qc6 Qe7 21. Rc2
g6 22. Rd1 Qf8 23. Qxf6 1-0

[Event "Challenge"]
[Site "http://www.queenalice.com/game.php?id=401359"]
[Date "2008.5.11"]
[Round "-"]
[White "rmiglior"]
[Black "KLEOJ"]
[Result "1-0"]
[WhiteElo "2042"]
[BlackElo "2110"]

1. b3 e5 2. Bb2 Nc6 3. e3 d5 4. Bb5 Bd6 5. f4 Bd7 6. Bxc6 Bxc6 7. Nf3 e4 8. Bxg7
exf3 9. Qxf3 Qe7 10. Bxh8 O-O-O 11. Qh3+ Kb8 12. Qxh7 d4 13. Bxd4 Be4 14. Qg7
Bxf4 15. O-O Bd6 16. Rxf7 Qh4 17. Be5 Nh6 18. Rf4 Qe1+ 19. Rf1 Qh4 20. Bxd6 cxd6
21. Nc3 Bc6 22. Rf4 Qh5 23. Qf6 Rd7 24. Rh4 1-0

[Event "AUTO-OPEN-1004"]
[Site "http://www.queenalice.com/game.php?id=443771"]
[Date "2008.8.5"]
[Round "2"]
[White "Semao"]
[Black "rmiglior"]
[Result "0-1"]
[WhiteElo "1953"]
[BlackElo "2075"]

1. e4 c6 2. Bc4 d5 3. exd5 cxd5 4. Bb5+ Nc6 5. Nf3 Nf6 6. O-O Bg4 7. c3 e6 8.
Qa4 Bxf3 9. Bxc6+ bxc6 10. Qxc6+ Nd7 11. gxf3 Rc8 12. Qa4 Rc4 13. Qd1 Qg5+ 14.
Kh1 Rh4 15. Rg1 Qh5 16. Rg2 Bd6 17. Kg1 Ne5 18. Kf1 Nxf3 19. d4 Nxh2+ 20. Ke1
Nf3+ 21. Ke2 Nxd4+ 22. Kd2 Bf4+ 23. Kd3 Qf5+ 24. Kxd4 Qe4+ 25. Kc5 Qc4# 0-1

[Event "AUTO-OPEN-1004"]
[Site "http://www.queenalice.com/game.php?id=443772"]
[Date "2008.8.5"]
[Round "2"]
[White "rmiglior"]
[Black "Semao"]
[Result "1-0"]
[WhiteElo "2092"]
[BlackElo "1922"]

1. d4 g6 2. e4 Bg7 3. Nc3 d6 4. Nf3 Nf6 5. Be2 O-O 6. O-O Nc6 7. d5 Ne5 8. Nxe5
dxe5 9. Qd3 e6 10. dxe6 Bxe6 11. Qb5 b6 12. Rd1 Nd7 13. Qc6 a5 14. Bb5 Qc8 15.
Rxd7 Bxd7 16. Qxd7 Qb8 17. Bg5 f6 18. Bh4 g5 19. Bg3 Rd8 20. Qe6+ Kh8 21. Bd7 c5
22. Nd5 Rf8 23. Ne7 Ra7 24. Nc6 Qc7 25. Nxa7 Qxa7 26. Rd1 h5 27. Qf5 Rd8 28. Qg6
1-0

[Event "AUTO-OPEN-1004"]
[Site "http://www.queenalice.com/game.php?id=528516"]
[Date "2009.1.24"]
[Round "3"]
[White "josecastroman"]
[Black "rmiglior"]
[Result "0-1"]
[WhiteElo "1889"]
[BlackElo "2128"]

1. e4 c6 2. Nf3 d5 3. h3 dxe4 4. Nh2 Nf6 5. Bc4 e5 6. Nc3 b5 7. Bb3 b4 8. Ne2
Nbd7 9. Ng3 Nc5 10. O-O Be7 11. Re1 O-O 12. Re3 Nd5 13. Bxd5 Qxd5 14. d3 f5 15.
Ngf1 f4 16. c4 bxc3 17. Re2 exd3 0-1